[Event "Anogia op 6th"]
[Site "Anogia"]
[Date "2017.07.11"]
[Round "2"]
[White "Tassis, Ioannis"]
[Black "Papadopoulos, Argirios"]
[Result "0-1"]
[WhiteElo "1730"]
[BlackElo "2176"]
[PlyCount "94"]
[EventDate "2017.07.10"]
[EventType "swiss"]
[EventRounds "9"]
[EventCountry "GRE"]
[SourceTitle "CBM 179 Extra"]
[Source "ChessBase"]
[SourceDate "2017.08.23"]
[SourceVersion "1"]
[SourceVersionDate "2017.08.23"]
[SourceQuality "1"]

1. e4 e5 2. Nf3 Nc6 3. Bb5 a6 4. Bxc6 dxc6 5. 0-0 Bg4 6. h3 h5 7. d3 Qf6 8. Nbd2 Ne7 9. Re1 Ng6 10. hxg4 hxg4 11. Nh2 Bc5 12. Ndf3 gxf3 13. Nxf3 Rh5 14. Be3 Bxe3 15. Rxe3 Nf4 16. g3 Qh6 17. Nh4 Ng6 18. Kf1 Nxh4 19. gxh4 Rxh4 20. Ke2 0-0-0 21. Qg1 Qh5+ 22. Kd2 Rg4 23. Qd1 Qg5 24. Qf3 Rf4 25. Qh3+ Kb8 26. Ke2 Rd6 27. Rg3 Qf6 28. f3 Rh4 29. Qg2 Qf4 30. Rg1 Rdh6 31. Qf2 Rh2 32. R3g2 Rxg2 33. Rxg2 Qc1 34. Qe3 Qxc2+ 35. Qd2 Qxd2+ 36. Kxd2 g6 37. Ke3 c5 38. Kf2 Kc8 39. Kg3 Kd7 40. f4 Ke6 41. Kg4 a5 42. a4 Rh1 43. fxe5 Kxe5 44. Kf3 Rh3+ 45. Ke2 Kd4 46. Rg5 Re3+ 47. Kf2 Rxd3 0-1

[Event "GRE-ch U16"]
[Site "Kallithea"]
[Date "2010.06.26"]
[Round "1"]
[White "Tassis, Ioannis"]
[Black "Ballas, Kleon Evangelos"]
[Result "0-1"]
[WhiteElo "1657"]
[BlackElo "1913"]
[PlyCount "68"]
[EventDate "2010.06.26"]
[EventType "swiss"]
[EventRounds "9"]
[EventCountry "GRE"]
[SourceTitle "CBM 137 Extra"]
[Source "ChessBase"]
[SourceDate "2010.09.01"]
[SourceVersion "1"]
[SourceVersionDate "2010.09.01"]
[SourceQuality "1"]

1. e4 e5 2. Nf3 Nf6 3. Nc3 Bb4 4. Bc4 d6 5. d3 Nc6 6. Be3 Na5 7. Bb3 Nxb3 8. axb3 d5 9. exd5 Nxd5 10. Bd2 Bg4 11. 0-0 0-0 12. Qe2 Re8 13. Qe4 Bxc3 14. Qxg4 Bxb2 15. Ra2 Bc3 16. Bh6 Qf6 17. Bg5 Qe6 18. Qh4 b5 19. Bd2 f6 20. Re1 Nb4 21. Ra5 Bxd2 22. Nxd2 Nxc2 23. Rc1 Qb6 24. Ra2 Nd4 25. Qe4 Red8 26. b4 a5 27. Rca1 a4 28. Rb1 Ra6 29. Ra3 Nc2 30. Ra2 Rd4 31. Qf5 Nxb4 32. Rab2 c5 33. Qc8+ Rd8 34. Qf5 a3 0-1

[Event "GRE-ch U16"]
[Site "Kallithea"]
[Date "2009.06.29"]
[Round "7"]
[White "Tassis, Ioannis"]
[Black "Lemontzoglou, Ioannis"]
[Result "0-1"]
[WhiteElo "1728"]
[BlackElo "1867"]
[PlyCount "76"]
[EventDate "2009.06.25"]
[EventType "swiss"]
[EventRounds "9"]
[EventCountry "GRE"]
[SourceTitle "EXT 2011"]
[Source "ChessBase"]
[SourceDate "2010.11.26"]
[SourceVersion "1"]
[SourceVersionDate "2010.11.26"]
[SourceQuality "1"]

1. e4 e5 2. Nf3 Nf6 3. d4 Nxe4 4. Nxe5 d6 5. Qe2 dxe5 6. Qxe4 Qxd4 7. Qxd4 exd4 8. Bf4 c5 9. Bc4 Be6 10. Nd2 Nc6 11. 0-0 Bxc4 12. Nxc4 0-0-0 13. a3 Be7 14. Rfe1 g5 15. Bg3 h5 16. Ne5 Nxe5 17. Rxe5 Rd7 18. h3 h4 19. Bh2 Rg8 20. Rae1 Kd8 21. R1e4 b6 22. Rf5 f6 23. Kf1 Rf8 24. Ke2 Bd6 25. Bxd6 Rxd6 26. Kd3 Re8 27. Rxe8+ Kxe8 28. f4 Kf7 29. fxg5 Kg6 30. Rxf6+ Rxf6 31. gxf6 Kxf6 32. Ke4 Ke6 33. c3 dxc3 34. bxc3 b5 35. Kf4 a5 36. Ke4 b4 37. axb4 axb4 38. c4 Kf6 0-1

[Event "GRE-ch U16"]
[Site "Kallithea"]
[Date "2009.06.28"]
[Round "5"]
[White "Tassis, Ioannis"]
[Black "Tsounis, Serafim"]
[Result "1-0"]
[WhiteElo "1728"]
[BlackElo "1823"]
[PlyCount "70"]
[EventDate "2009.06.25"]
[EventType "swiss"]
[EventRounds "9"]
[EventCountry "GRE"]
[SourceTitle "EXT 2011"]
[Source "ChessBase"]
[SourceDate "2010.11.26"]
[SourceVersion "1"]
[SourceVersionDate "2010.11.26"]
[SourceQuality "1"]

1. e4 c5 2. c3 d5 3. exd5 Qxd5 4. d4 Nf6 5. Nf3 Bg4 6. Be2 e6 7. Be3 cxd4 8. cxd4 Be7 9. Nc3 Qd8 10. 0-0 0-0 11. Qb3 Qb6 12. Qxb6 axb6 13. Rfd1 Rd8 14. Rac1 Na6 15. h3 Bxf3 16. Bxf3 Nd5 17. Nxd5 exd5 18. a3 Rac8 19. Rxc8 Rxc8 20. Bxd5 Rc7 21. Rc1 Rd7 22. Bf3 f5 23. b4 Kf7 24. d5 Nc7 25. Bxb6 Nxd5 26. Bxd5+ Rxd5 27. Rc7 Ke6 28. Rxb7 Rb5 29. a4 Rd5 30. b5 Bd6 31. g3 f4 32. gxf4 Kf5 33. Rxg7 Bxf4 34. Bc7 Rd1+ 35. Kg2 Rd2 1-0

[Event "GRE-ch U14"]
[Site "Kallithea"]
[Date "2008.07.01"]
[Round "6"]
[White "Tassis, Ioannis"]
[Black "Sandalakis, Nikolaos"]
[Result "0-1"]
[WhiteElo "1798"]
[BlackElo "1834"]
[PlyCount "94"]
[EventDate "2008.06.28"]
[EventType "swiss"]
[EventRounds "9"]
[EventCountry "GRE"]
[SourceTitle "EXT 2010"]
[Source "ChessBase"]
[SourceDate "2010.11.25"]
[SourceVersion "1"]
[SourceVersionDate "2010.11.25"]
[SourceQuality "1"]

1. e4 e5 2. Nf3 Nc6 3. Bb5 a6 4. Bxc6 dxc6 5. 0-0 Qd6 6. Nc3 Ne7 7. d3 Ng6 8. Be3 c5 9. Re1 Be7 10. Qe2 Bg4 11. h3 Be6 12. Ng5 Bxg5 13. Bxg5 Ne7 14. Rad1 f6 15. Be3 h5 16. f4 0-0-0 17. f5 Bd7 18. Qf2 b6 19. a4 a5 20. Qe2 Kb7 21. Qf3 Bc6 22. Nb5 Bxb5 23. axb5 Qd7 24. c4 c6 25. bxc6+ Nxc6 26. Qe2 Nd4 27. Bxd4 Qxd4+ 28. Qf2 Qd6 29. Qc2 g6 30. Qf2 Rdg8 31. Rf1 Rg7 32. Kh1 Rhg8 33. Rd2 Qd7 34. Qh4 g5 35. Qg3 Qd4 36. Qf3 g4 37. Qf2 Qd6 38. Rdd1 gxh3 39. gxh3 Rg3 40. Qh2 Rxd3 41. Rxd3 Qxd3 42. Rg1 Qxe4+ 43. Rg2 Kc6 44. Qg1 a4 45. Kh2 Rxg2+ 46. Qxg2 Qxg2+ 47. Kxg2 b5 0-1